[Event "17. Europa ch Juvenil - Masculino s16"]
[Site "Sibenik CRO"]
[Date "2007.09.18"]
[Round "5.11"]
[White "Salgado Lopez, Ivan"]
[Black "Ivanov L, Stojan"]
[Result "1-0"]
[WhiteElo "2456"]
[BlackElo "2149"]
[PlyCount "103"]
[EventDate "2007.09.14"]
[EventType "swiss"]
[EventRounds "9"]
[EventCountry "CRO"]
[Source "lmi"]
[SourceDate "2007.09.14"]

1. e4 c5 2. Nf3 d6 3. d4 cxd4 4. Nxd4 Nf6 5. Nc3 a6 6. Bc4 e6 7. a4 Be7 8. O-O
O-O 9. Be3 Nbd7 10. f4 Qc7 11. Ba2 Nc5 12. Qf3 b6 13. f5 e5 14. Nde2 Bb7 15.
Ng3 h6 16. Kh1 Rac8 17. Rac1 Qd7 18. Nh5 Ncxe4 19. Nxe4 Nxh5 20. Qg4 Bg5 21.
Bb3 Nf6 22. Nxf6+ Bxf6 23. Bxh6 Qc6 24. Be3 d5 25. c3 Rfd8 26. h4 Kf8 27. h5
Qd6 28. Rce1 Re8 29. Re2 Qc6 30. Rfe1 d4 31. cxd4 exd4 32. Bxd4 Rxe2 33. Rxe2
Qc1+ 34. Kh2 Bxd4 35. Qxd4 Qc5 36. Qf4 Qc7 37. Kg3 Qxf4+ 38. Kxf4 Rc5 39. g4
Bc8 40. Re4 Bd7 41. Rd4 Be8 42. g5 b5 43. a5 b4 44. h6 gxh6 45. gxh6 Rc6 46.
Rd8 Rxh6 47. Ba4 Rh4+ 48. Ke5 f6+ 49. Kxf6 Re4 50. Rxe8+ Rxe8 51. Bxe8 Kxe8 52.
Kg7 1-0

[Event "17. Europa ch Juvenil - Masculino s16"]
[Site "Sibenik CRO"]
[Date "2007.09.18"]
[Round "5.12"]
[White "Narmontas, Matas"]
[Black "Nabaty, Tamir"]
[Result "1-0"]
[WhiteElo "2327"]
[BlackElo "2421"]
[PlyCount "63"]
[EventDate "2007.09.14"]
[EventType "swiss"]
[EventRounds "9"]
[EventCountry "CRO"]
[Source "lmi"]
[SourceDate "2007.09.14"]

1. c4 c5 2. Nc3 Nf6 3. Nf3 Nc6 4. d4 cxd4 5. Nxd4 Qb6 6. Nc2 e6 7. e3 Be7 8.
Be2 O-O 9. O-O Rd8 10. e4 d6 11. b3 d5 12. exd5 exd5 13. Nxd5 Nxd5 14. cxd5 Bf6
15. Be3 Qa5 16. Bf3 Bxa1 17. Qxa1 Ne7 18. Rd1 Bf5 19. Nd4 Bg6 20. Bg5 Rd7 21.
Bg4 Qxd5 22. Bxd7 Qxg5 23. Qc1 Qa5 24. Qe3 Nd5 25. Qe5 f6 26. Be6+ Bf7 27.
Bxf7+ Kxf7 28. Qh5+ Kg8 29. Ne6 f5 30. Qxf5 Re8 31. Qe5 Qc3 32. Qxd5 1-0

[Event "17. Europa ch Juvenil - Masculino s16"]
[Site "Sibenik CRO"]
[Date "2007.09.18"]
[Round "5.13"]
[White "Durarbeyli, Vasif"]
[Black "Ter Schegget, Bram"]
[Result "1-0"]
[WhiteElo "2417"]
[BlackElo "2129"]
[PlyCount "47"]
[EventDate "2007.09.14"]
[EventType "swiss"]
[EventRounds "9"]
[EventCountry "CRO"]
[Source "lmi"]
[SourceDate "2007.09.14"]

1. e4 c5 2. Nf3 d6 3. d4 cxd4 4. Nxd4 Nf6 5. Nc3 g6 6. Be3 Bg7 7. f3 a6 8. Bc4
Nbd7 9. Qd2 b5 10. Bb3 Bb7 11. Bh6 Bxh6 12. Qxh6 b4 13. Nd5 e5 14. O-O-O Nxd5
15. exd5 Nc5 16. Nc6 Nxb3+ 17. axb3 Bxc6 18. dxc6 Qc7 19. Qd2 Qxc6 20. Qxb4 Rd8
21. Rd3 O-O 22. Rhd1 d5 23. Qa5 e4 24. fxe4 1-0

[Event "17. Europa ch Juvenil - Masculino s16"]
[Site "Sibenik CRO"]
[Date "2007.09.18"]
[Round "5.14"]
[White "Pecha, Tomas"]
[Black "Martinovic, Sasa"]
[Result "0-1"]
[WhiteElo "2204"]
[BlackElo "2371"]
[PlyCount "60"]
[EventDate "2007.09.14"]
[EventType "swiss"]
[EventRounds "9"]
[EventCountry "CRO"]
[Source "lmi"]
[SourceDate "2007.09.14"]

1. e4 c5 2. Nf3 Nc6 3. d4 cxd4 4. Nxd4 Nf6 5. Nc3 e5 6. Ndb5 d6 7. Bg5 a6 8.
Na3 b5 9. Bxf6 gxf6 10. Nd5 f5 11. c3 Bg7 12. exf5 Bxf5 13. Nc2 O-O 14. Nce3
Bd7 15. Bd3 f5 16. O-O e4 17. Bc2 Ne5 18. Nf4 Rf6 19. Ned5 Rh6 20. Nb6 Bc6 21.
Nbd5 Kh8 22. Re1 Qh4 23. h3 Rg8 24. g3 Qg5 25. Kf1 Nf3 26. Re3 Be5 27. h4 Qg4
28. Ne7 Bxf4 29. Nxg8 Rxh4 30. gxh4 Bxe3 0-1

[Event "17. Europa ch Juvenil - Masculino s16"]
[Site "Sibenik CRO"]
[Date "2007.09.18"]
[Round "5.15"]
[White "Balazs, Gabor"]
[Black "Leniart, Arkadiusz"]
[Result "1/2-1/2"]
[WhiteElo "2305"]
[BlackElo "2357"]
[PlyCount "104"]
[EventDate "2007.09.14"]
[EventType "swiss"]
[EventRounds "9"]
[EventCountry "CRO"]
[Source "lmi"]
[SourceDate "2007.09.14"]

1. d4 Nf6 2. c4 e6 3. Nc3 Bb4 4. Qc2 d5 5. a3 Bxc3+ 6. Qxc3 Ne4 7. Qc2 e5 8.
cxd5 Qxd5 9. f3 Nd6 10. dxe5 Qxe5 11. e4 Nc6 12. Ne2 Be6 13. Bf4 Qa5+ 14. Qc3
Qxc3+ 15. Nxc3 O-O-O 16. O-O-O f6 17. Be2 Nf7 18. Rxd8+ Rxd8 19. Rd1 Nd4 20.
Be3 Nxe2+ 21. Nxe2 Rxd1+ 22. Kxd1 b6 23. Nf4 Bb3+ 24. Kd2 Nd6 25. Bd4 Bf7 26.
h4 c5 27. Bc3 Nb5 28. g4 Nxc3 29. Kxc3 Kd7 30. g5 Kd6 31. Kd3 a6 32. Ng2 Be6
33. f4 a5 34. Ne3 b5 35. f5 Ba2 36. Ng4 Bb1+ 37. Ke3 Ke7 38. Kf4 b4 39. Ne3 Ba2
40. e5 fxe5+ 41. Kxe5 Bf7 42. g6 hxg6 43. fxg6 Bxg6 44. Kd5 bxa3 45. bxa3 Kf6
46. Kxc5 Ke5 47. Nc4+ Kf4 48. Nxa5 Kg4 49. Nc6 Bc2 50. Nd4 Bd1 51. Ne6 g6 52.
Nf8 Bc2 1/2-1/2

[Event "17. Europa ch Juvenil - Masculino s16"]
[Site "Sibenik CRO"]
[Date "2007.09.18"]
[Round "5.18"]
[White "Onischuk, Vladimir"]
[Black "Gevorkian, David"]
[Result "1-0"]
[WhiteElo "2506"]
[BlackElo "2096"]
[PlyCount "83"]
[EventDate "2007.09.14"]
[EventType "swiss"]
[EventRounds "9"]
[EventCountry "CRO"]
[Source "lmi"]
[SourceDate "2007.09.14"]

1. e4 e5 2. Nf3 Nc6 3. Bb5 Nf6 4. d3 d6 5. c3 g6 6. O-O Bg7 7. Nbd2 O-O 8. Re1
Bd7 9. Ba4 Qe8 10. Bb3 Kh8 11. Nf1 Nh5 12. h3 Nd8 13. g4 Nf6 14. Ng3 Ne6 15. d4
exd4 16. cxd4 Bb5 17. a4 Ba6 18. Bc2 c5 19. d5 Nd4 20. Nxd4 cxd4 21. Bf4 Qe7
22. b4 b6 23. b5 Bb7 24. Ra3 Rfe8 25. Kf1 Rac8 26. Bb1 Nd7 27. Ne2 Nc5 28. Nxd4
Qf6 29. Be3 Nxe4 30. Bxe4 Rxe4 31. Nc6 Qb2 32. Bc1 Rxe1+ 33. Qxe1 Qc2 34. Re3
h6 35. Kg2 Kh7 36. Re7 Ba8 37. Rxf7 Qb3 38. Rxg7+ Kxg7 39. Qe7+ Kh8 40. Qf6+
Kh7 41. Qf7+ Kh8 42. Be3 1-0

[Event "17. Europa ch Juvenil - Masculino s16"]
[Site "Sibenik CRO"]
[Date "2007.09.18"]
[Round "5.19"]
[White "Piorun, Kacper"]
[Black "Getz, Nicolai"]
[Result "1-0"]
[WhiteElo "2359"]
[BlackElo "2060"]
[PlyCount "61"]
[EventDate "2007.09.14"]
[EventType "swiss"]
[EventRounds "9"]
[EventCountry "CRO"]
[Source "lmi"]
[SourceDate "2007.09.14"]

1. e4 c5 2. Nf3 d6 3. d4 cxd4 4. Nxd4 Nf6 5. Nc3 a6 6. Bg5 e6 7. f4 Nbd7 8. Qf3
Qc7 9. O-O-O b5 10. a3 Bb7 11. Bd3 Be7 12. Qe2 Qb6 13. Nb3 Rc8 14. e5 dxe5 15.
fxe5 Nd5 16. Bxe7 Nxc3 17. bxc3 Kxe7 18. Be4 Bxe4 19. Qxe4 Rc4 20. Rd4 Rhc8 21.
Rhd1 R8c7 22. Qh4+ Ke8 23. Qxh7 Rxc3 24. Qg8+ Ke7 25. Rf1 Rxc2+ 26. Kb1 f5 27.
Rd6 R2c6 28. Qxe6+ Kd8 29. Rfd1 Rxd6 30. Qg8+ Ke7 31. exd6+ 1-0

[Event "17. Europa ch Juvenil - Masculino s16"]
[Site "Sibenik CRO"]
[Date "2007.09.18"]
[Round "5.20"]
[White "Chirila, Ioan Cristian"]
[Black "Hohluks, Aleksandrs"]
[Result "1-0"]
[WhiteElo "2345"]
[BlackElo "2056"]
[PlyCount "95"]
[EventDate "2007.09.14"]
[EventType "swiss"]
[EventRounds "9"]
[EventCountry "CRO"]
[Source "lmi"]
[SourceDate "2007.09.14"]

1. e4 c5 2. Nf3 e6 3. d4 cxd4 4. Nxd4 a6 5. Bd3 Qb6 6. Nb3 Qc7 7. Nc3 Nf6 8.
Qe2 d6 9. Be3 Nbd7 10. g4 g6 11. O-O-O b5 12. a3 Bb7 13. Kb1 Rc8 14. f3 Be7 15.
h4 h5 16. g5 Nh7 17. f4 O-O 18. Rhf1 Rfd8 19. Qf2 Nc5 20. f5 Nxd3 21. cxd3 Bf8
22. Bd4 Bg7 23. Bb6 Qd7 24. f6 Bf8 25. d4 Rxc3 26. bxc3 Bxe4+ 27. Kb2 Bd5 28.
Ba5 Qc6 29. Qc2 Be4 30. Qe2 Bd5 31. Qc2 Be4 32. Qd2 Qc4 33. Bb4 d5 34. Na5 Qc7
35. Qf4 Rc8 36. Qxc7 Rxc7 37. Nb3 Bf5 38. Rfe1 Rc6 39. Ra1 Bd6 40. Bxd6 Rxd6
41. a4 Bd3 42. Nc5 Bc4 43. axb5 Bxb5 44. Ra5 Nf8 45. Rea1 Nd7 46. Nxa6 Be2 47.
Nc5 Nb6 48. Ra8+ 1-0

[Event "17. Europa ch Juvenil - Masculino s16"]
[Site "Sibenik CRO"]
[Date "2007.09.18"]
[Round "5.23"]
[White "Poleshchuk, Dmitriy"]
[Black "Anton, Teodor"]
[Result "0-1"]
[WhiteElo "2073"]
[BlackElo "2212"]
[PlyCount "96"]
[EventDate "2007.09.14"]
[EventType "swiss"]
[EventRounds "9"]
[EventCountry "CRO"]
[Source "lmi"]
[SourceDate "2007.09.14"]

1. e4 e5 2. Nf3 Nf6 3. Nxe5 d6 4. Nf3 Nxe4 5. Nc3 Nxc3 6. dxc3 Be7 7. Bf4 Nd7
8. Qd2 Nc5 9. Nd4 O-O 10. O-O-O Be6 11. Kb1 a5 12. f3 a4 13. a3 Bf6 14. h4 Re8
15. g4 Bd5 16. Rh3 g6 17. g5 Be5 18. h5 Ne6 19. Nxe6 Bxe6 20. Rh2 Ra5 21. hxg6
fxg6 22. Bxe5 Rxe5 23. f4 Rc5 24. Bd3 Bf5 25. Rdh1 Re7 26. Rh6 Qf8 27. Qh2 Qf7
28. Bxf5 Rxf5 29. Rh4 b5 30. Qg3 Re4 31. Qd3 Qe6 32. Rd1 Qe7 33. Qd2 h5 34. Qd3
Qe6 35. Ka1 Qc4 36. Qxc4+ Rxc4 37. Rd4 Rxd4 38. cxd4 Kf7 39. b3 axb3 40. cxb3
Rd5 41. Kb2 Rxd4 42. Kc3 c5 43. Rh3 Rxf4 44. Rd3 Ke6 45. Re3+ Kd7 46. Rg3 b4+
47. axb4 Rxb4 48. Rf3 Rg4 0-1

[Event "17. Europa ch Juvenil - Masculino s16"]
[Site "Sibenik CRO"]
[Date "2007.09.18"]
[Round "5.24"]
[White "Plaskan, Jure"]
[Black "Tofil, Borys"]
[Result "0-1"]
[WhiteElo "2061"]
[BlackElo "2148"]
[PlyCount "76"]
[EventDate "2007.09.14"]
[EventType "swiss"]
[EventRounds "9"]
[EventCountry "CRO"]
[Source "lmi"]
[SourceDate "2007.09.14"]

1. e4 c5 2. Nf3 e6 3. d4 cxd4 4. Nxd4 Nf6 5. Nc3 d6 6. Bc4 Na6 7. a3 Nc5 8. Qe2
Qb6 9. O-O Bd7 10. Rd1 Rc8 11. Be3 Qc7 12. Ndb5 Qb8 13. b4 a6 14. bxc5 axb5 15.
Bxb5 Be7 16. e5 dxe5 17. Rab1 Bc6 18. Na4 Qc7 19. Nb6 Rb8 20. Qc4 O-O 21. Bg5
Bd5 22. Qe2 Rfd8 23. Re1 Bxc5 24. Bxf6 gxf6 25. Qg4+ Kh8 26. Nxd5 Rxd5 27. Rb3
Rg8 28. Qh4 Rg6 29. Rh3 h6 30. Be2 Rd4 31. Qh5 Rf4 32. Bf3 Qb6 33. Rf1 e4 34.
Rg3 Kg7 35. Bxe4 Bxf2+ 36. Kh1 Bxg3 37. Rd1 Rxe4 38. hxg3 Qf2 0-1

[Event "17. Europa ch Juvenil - Masculino s16"]
[Site "Sibenik CRO"]
[Date "2007.09.18"]
[Round "5.25"]
[White "Ketzetzis, Georgios"]
[Black "Nuri, Kambez"]
[Result "1-0"]
[WhiteElo "2045"]
[BlackElo "2142"]
[PlyCount "31"]
[EventDate "2007.09.14"]
[EventType "swiss"]
[EventRounds "9"]
[EventCountry "CRO"]
[Source "lmi"]
[SourceDate "2007.09.14"]

1. e4 e5 2. Nf3 Nc6 3. Bc4 Bc5 4. c3 Nf6 5. d4 exd4 6. cxd4 Bb4+ 7. Bd2 Bxd2+
8. Nbxd2 d5 9. exd5 Nxd5 10. Qb3 Na5 11. Qa4+ c6 12. Bxd5 Qxd5 13. Rc1 Be6 14.
Rc5 Qd7 15. Rxa5 b5 16. Qb4 1-0

[Event "17. Europa ch Juvenil - Masculino s16"]
[Site "Sibenik CRO"]
[Date "2007.09.18"]
[Round "5.29"]
[White "Bjelicic, Jan"]
[Black "Varga, David"]
[Result "1/2-1/2"]
[WhiteElo "2101"]
[BlackElo "2257"]
[PlyCount "64"]
[EventDate "2007.09.14"]
[EventType "swiss"]
[EventRounds "9"]
[EventCountry "CRO"]
[Source "lmi"]
[SourceDate "2007.09.14"]

1. e4 e6 2. d4 d5 3. Nc3 Nf6 4. e5 Nfd7 5. f4 c5 6. Nf3 Nc6 7. Be3 a6 8. Qd2 b5
9. dxc5 Bxc5 10. Bxc5 Nxc5 11. Qf2 Qb6 12. Bd3 Ne7 13. O-O b4 14. Ne2 a5 15.
Kh1 Ba6 16. Ng3 Na4 17. Qxb6 Nxb6 18. Bxa6 Rxa6 19. a3 bxa3 20. Rxa3 Kd7 21.
Rfa1 Nc6 22. b3 Rc8 23. Ne2 Nb4 24. c3 Nc6 25. b4 Raa8 26. b5 Na7 27. Rxa5 Nxb5
28. Rxa8 Nxa8 29. Nfd4 Nac7 30. Kg1 Nxd4 31. Nxd4 Ra8 32. Rxa8 Nxa8 1/2-1/2

[Event "17. Europa ch Juvenil - Masculino s16"]
[Site "Sibenik CRO"]
[Date "2007.09.18"]
[Round "5.30"]
[White "Zivkovic, Dejan"]
[Black "Klim, Kamil"]
[Result "1/2-1/2"]
[WhiteElo "2191"]
[BlackElo "2126"]
[PlyCount "83"]
[EventDate "2007.09.14"]
[EventType "swiss"]
[EventRounds "9"]
[EventCountry "CRO"]
[Source "lmi"]
[SourceDate "2007.09.14"]

1. d4 Nf6 2. Nf3 g6 3. Bg5 Bg7 4. Nbd2 c5 5. c3 d5 6. e3 Nbd7 7. Bd3 Qb6 8. b3
O-O 9. O-O e5 10. Nxe5 Nxe5 11. dxe5 Ng4 12. Nf3 Nxe5 13. Nxe5 Bxe5 14. Rc1 Bg7
15. Be2 Be6 16. Bf3 h6 17. Bh4 g5 18. Bg3 Rad8 19. Qc2 f5 20. Rfd1 Rd7 21. Be2
a6 22. f3 Kh8 23. Bf2 Qc7 24. c4 d4 25. exd4 cxd4 26. Bd3 g4 27. Re1 Re7 28.
fxg4 fxg4 29. Bg3 Qc5 30. Qd2 Bf5 31. Rxe7 Qxe7 32. Re1 Bxd3 33. Qxd3 Qg5 34.
Rf1 Rxf1+ 35. Kxf1 h5 36. Qe4 h4 37. Be1 h3 38. gxh3 gxh3 39. Qxb7 Qf4+ 40. Bf2
Qc1+ 41. Be1 Qf4+ 42. Bf2 1/2-1/2

[Event "17. Europa ch Juvenil - Masculino s16"]
[Site "Sibenik CRO"]
[Date "2007.09.18"]
[Round "5.31"]
[White "Kuchynka, Lukas"]
[Black "Baturina, Andrija"]
[Result "1/2-1/2"]
[WhiteElo "2180"]
[BlackElo "1980"]
[PlyCount "55"]
[EventDate "2007.09.14"]
[EventType "swiss"]
[EventRounds "9"]
[EventCountry "CRO"]
[Source "lmi"]
[SourceDate "2007.09.14"]

1. e4 c5 2. Nf3 e6 3. d4 cxd4 4. Nxd4 Nf6 5. Bd3 d6 6. O-O Be7 7. c4 a6 8. Nc3
Nbd7 9. Be3 Ne5 10. Be2 Qc7 11. Rc1 Bd7 12. f4 Ng6 13. Qe1 O-O 14. g4 e5 15.
Nf5 Bxf5 16. exf5 exf4 17. g5 Nd7 18. fxg6 fxe3 19. gxf7+ Rxf7 20. Rxf7 Kxf7
21. Qh4 Kg8 22. Qg4 Kh8 23. Nd5 Qd8 24. h4 Ne5 25. Qe6 Bf8 26. Rf1 Qc8 27. Qxc8
Rxc8 28. Nxe3 1/2-1/2

[Event "17. Europa ch Juvenil - Masculino s16"]
[Site "Sibenik CRO"]
[Date "2007.09.18"]
[Round "5.32"]
[White "Orndahl, Markus"]
[Black "Veszpremi, Andras"]
[Result "1-0"]
[WhiteElo "2078"]
[BlackElo "2150"]
[PlyCount "91"]
[EventDate "2007.09.14"]
[EventType "swiss"]
[EventRounds "9"]
[EventCountry "CRO"]
[Source "lmi"]
[SourceDate "2007.09.14"]

1. d4 Nf6 2. Nf3 g6 3. c4 Bg7 4. Nc3 d6 5. Bf4 O-O 6. e3 Nbd7 7. Be2 c5 8. O-O
cxd4 9. exd4 b6 10. Re1 Bb7 11. d5 Rc8 12. Rc1 Nc5 13. b4 Ncd7 14. Bf1 a5 15.
a3 Ba6 16. Nd4 axb4 17. axb4 Nh5 18. Nc6 Rxc6 19. dxc6 Nxf4 20. cxd7 Qxd7 21.
Nd5 Nxd5 22. cxd5 Bxf1 23. Rxf1 Qb5 24. Qb3 Bf6 25. Qc4 Qa4 26. Rc2 b5 27. Ra2
bxc4 28. Rxa4 Rb8 29. Rb1 c3 30. Ra2 e6 31. dxe6 fxe6 32. Kf1 Rb5 33. Ke2 d5
34. Kd3 Kf8 35. Ra5 Rb7 36. b5 Ke8 37. b6 Kd7 38. Ra8 d4 39. f4 e5 40. Ra7 e4+
41. Kxe4 Kc6 42. Kd3 g5 43. Rxb7 Kxb7 44. f5 h5 45. Re1 Bd8 46. Re6 1-0

[Event "17. Europa ch Juvenil - Masculino s16"]
[Site "Sibenik CRO"]
[Date "2007.09.18"]
[Round "5.34"]
[White "Weber, Christoph"]
[Black "Sucic, Mihael"]
[Result "1/2-1/2"]
[WhiteElo "2131"]
[BlackElo "1967"]
[PlyCount "134"]
[EventDate "2007.09.14"]
[EventType "swiss"]
[EventRounds "9"]
[EventCountry "CRO"]
[Source "lmi"]
[SourceDate "2007.09.14"]

1. e4 c5 2. Nf3 e6 3. d4 cxd4 4. Nxd4 Nf6 5. Nc3 Nc6 6. Ndb5 Bb4 7. a3 Bxc3+ 8.
Nxc3 d5 9. exd5 exd5 10. Bd3 O-O 11. O-O d4 12. Ne2 Bg4 13. f3 Bh5 14. Nf4 Bg6
15. Nxg6 hxg6 16. Bg5 Qd6 17. f4 Ne7 18. Qf3 Nf5 19. Qh3 Qd5 20. Bxf5 Qxf5 21.
Qxf5 gxf5 22. Bxf6 gxf6 23. Rfe1 Rfc8 24. Re2 Rc7 25. Rd1 Rac8 26. Rdd2 Rc4 27.
g3 b5 28. Kf2 a5 29. Ke1 a4 30. Rd1 b4 31. Rd3 Rxc2 32. Rxd4 Rc1+ 33. Kf2 bxa3
34. bxa3 Ra8 35. Red2 Rc3 36. R4d3 Rc4 37. Rd8+ Rxd8 38. Rxd8+ Kg7 39. Ke3 Rc2
40. Rd4 Rxh2 41. Rxa4 Rg2 42. Kf3 Ra2 43. Ra8 Kg6 44. a4 Kh5 45. a5 Ra3+ 46.
Kf2 Kg4 47. Rg8+ Kh5 48. Rh8+ Kg6 49. Ra8 Ra2+ 50. Ke3 Ra3+ 51. Kd4 Kh5 52. a6
Kg4 53. a7 Kf3 54. Kc5 Ra1 55. Kd6 Ra6+ 56. Ke7 Kxg3 57. Rg8+ Kxf4 58. a8=Q
Rxa8 59. Rxa8 Kg3 60. Ra3+ Kg2 61. Ra4 Kg3 62. Kxf6 f4 63. Kf5 f3 64. Rg4+ Kh2
65. Rf4 Kg2 66. Rg4+ Kh2 67. Rf4 Kg2 1/2-1/2

[Event "17. Europa ch Juvenil - Masculino s16"]
[Site "Sibenik CRO"]
[Date "2007.09.18"]
[Round "5.35"]
[White "Kurkijarvi, Mikko"]
[Black "Arslanov, Shamil"]
[Result "0-1"]
[WhiteElo "1970"]
[BlackElo "2266"]
[PlyCount "110"]
[EventDate "2007.09.14"]
[EventType "swiss"]
[EventRounds "9"]
[EventCountry "CRO"]
[Source "lmi"]
[SourceDate "2007.09.14"]

1. e4 e6 2. Nf3 d5 3. Nc3 d4 4. Ne2 c5 5. c3 Nf6 6. cxd4 Nc6 7. Ng3 Nxd4 8.
Nxd4 Qxd4 9. Qc2 Ng4 10. Bb5+ Bd7 11. Bxd7+ Qxd7 12. d3 Rd8 13. Ke2 Ne5 14. Rd1
b6 15. Be3 Be7 16. Qc3 f6 17. a4 Nc6 18. Kf1 O-O 19. Ne2 f5 20. exf5 exf5 21.
Nf4 Kh8 22. Nh5 Rf7 23. Qb3 Kg8 24. Rac1 g6 25. Nf4 Bf6 26. Ne6 Qd5 27. Qxd5
Rxd5 28. d4 Rfd7 29. Rc4 R5d6 30. Nf4 Na5 31. Rc2 Bxd4 32. Rcd2 Nc4 33. Re2
Bxb2 34. Rxd6 Rxd6 35. Rc2 Nxe3+ 36. fxe3 Be5 37. a5 Kf7 38. axb6 axb6 39. Ra2
Bxf4 40. exf4 Ke6 41. Ke2 Kd5 42. Kd3 c4+ 43. Kc3 Kc5 44. Ra7 Rd3+ 45. Kc2 Kb4
46. Rxh7 Ra3 47. Kb2 Re3 48. g4 fxg4 49. Rh6 Re2+ 50. Kc1 b5 51. Rxg6 Rxh2 52.
Rxg4 Kb3 53. f5 c3 54. Rg1 Ra2 55. Kb1 c2+ 0-1

[Event "17. Europa ch Juvenil - Masculino s16"]
[Site "Sibenik CRO"]
[Date "2007.09.18"]
[Round "5.36"]
[White "Ivekovic, Zvonimir"]
[Black "Ben, Tomer"]
[Result "1/2-1/2"]
[WhiteElo "2161"]
[BlackElo "1966"]
[PlyCount "148"]
[EventDate "2007.09.14"]
[EventType "swiss"]
[EventRounds "9"]
[EventCountry "CRO"]
[Source "lmi"]
[SourceDate "2007.09.14"]

1. e4 c5 2. Nf3 Nc6 3. c3 d5 4. exd5 Qxd5 5. d4 e6 6. Be2 Nf6 7. O-O Be7 8. Be3
cxd4 9. c4 Qd8 10. Nxd4 Nxd4 11. Bxd4 O-O 12. Nc3 Bd7 13. Bf3 Qc7 14. Qe2 Bc6
15. b3 a6 16. Rad1 Bxf3 17. Qxf3 Rfd8 18. Na4 Nd7 19. c5 a5 20. Rc1 Bf6 21. c6
bxc6 22. Rxc6 Qb7 23. Bxf6 Nxf6 24. Nc5 Qb4 25. Rc1 Qd2 26. Nb7 Rf8 27. R6c2
Qd5 28. Qxd5 Nxd5 29. Rc4 h6 30. g3 Nb4 31. a3 Nd5 32. Rc5 a4 33. b4 Rfb8 34.
Nd6 Rd8 35. Ne4 Ra7 36. Rd1 Rad7 37. Ra5 Nb6 38. Rxd7 Rxd7 39. Ra6 Nc4 40. Ra8+
Kh7 41. Rxa4 Rd3 42. b5 Nxa3 43. b6 Rb3 44. b7 Rxb7 45. Rxa3 g5 46. Kg2 Kg6 47.
Ra8 Kg7 48. Rc8 Ra7 49. Nd6 Rd7 50. Ne4 Ra7 51. Kf3 Ra3+ 52. Rc3 Ra7 53. Nc5
Ra1 54. Rc2 Rb1 55. Rd2 Rc1 56. Ne4 Rc7 57. Ke3 Ra7 58. Kd4 Ra4+ 59. Ke5 Ra1
60. Rd7 Kg6 61. Rd2 Rb1 62. f3 Re1 63. Kd6 g4 64. Rf2 gxf3 65. Nc5 Re2 66. Rxf3
Rxh2 67. Nd3 Kg5 68. Rxf7 Rd2 69. Rf3 e5 70. Kd5 h5 71. Kxe5 Re2+ 72. Kd4 Kg4
73. Ne5+ Kh3 74. Nd3 Kg2 1/2-1/2

[Event "17. Europa ch Juvenil - Masculino s16"]
[Site "Sibenik CRO"]
[Date "2007.09.18"]
[Round "5.37"]
[White "Pomaro, Alberto"]
[Black "Lugovskoy, Dmitriy"]
[Result "1-0"]
[WhiteElo "2149"]
[BlackElo "1964"]
[PlyCount "67"]
[EventDate "2007.09.14"]
[EventType "swiss"]
[EventRounds "9"]
[EventCountry "CRO"]
[Source "lmi"]
[SourceDate "2007.09.14"]

1. d4 d5 2. c4 e6 3. Nc3 c6 4. cxd5 exd5 5. Nf3 Nf6 6. Bg5 Be7 7. Qc2 O-O 8. e3
h6 9. Bf4 Nbd7 10. h3 b6 11. Be2 Bb7 12. O-O Rc8 13. Rad1 Re8 14. Ne5 Nf8 15.
Bg3 Ne6 16. Qf5 Nf8 17. h4 Bd6 18. h5 Qe7 19. Bd3 Rc7 20. Rfe1 Bc8 21. Qf3 N8d7
22. e4 Nxe5 23. dxe5 Bxe5 24. exd5 Bg4 25. Qe3 Bxg3 26. Qxg3 Qxe1+ 27. Rxe1
Rxe1+ 28. Kh2 Rce7 29. dxc6 R7e6 30. f3 Bxh5 31. Qb8+ Ne8 32. Nd5 Kf8 33. c7
Re7 34. Nxe7 1-0

[Event "17. Europa ch Juvenil - Masculino s16"]
[Site "Sibenik CRO"]
[Date "2007.09.18"]
[Round "5.38"]
[White "Boje, Tobias"]
[Black "Jefic, Srdjan"]
[Result "0-1"]
[WhiteElo "1931"]
[BlackElo "2103"]
[PlyCount "112"]
[EventDate "2007.09.14"]
[EventType "swiss"]
[EventRounds "9"]
[EventCountry "CRO"]
[Source "lmi"]
[SourceDate "2007.09.14"]

1. e4 c5 2. Nc3 e6 3. g3 d5 4. exd5 exd5 5. Bg2 Nf6 6. d3 Be7 7. Nge2 d4 8. Ne4
Nbd7 9. O-O O-O 10. Re1 Nxe4 11. Bxe4 Nf6 12. Bg2 Rb8 13. Bf4 Bd6 14. Bxd6 Qxd6
15. Qd2 b5 16. Qa5 Bb7 17. Bxb7 Rxb7 18. Nf4 g5 19. Ng2 Nd5 20. Qd2 f6 21. Re2
Re7 22. Rxe7 Nxe7 23. Re1 Ng6 24. Qe2 Kf7 25. Qe4 Qd7 26. f4 f5 27. Qf3 g4 28.
Qe2 Re8 29. Qd2 Rxe1+ 30. Qxe1 b4 31. b3 Qe6 32. Qxe6+ Kxe6 33. Nh4 Ne7 34. h3
h5 35. hxg4 hxg4 36. Kf2 Kf6 37. Ke2 Nd5 38. Kd2 Nc3 39. Ng2 Nxa2 40. Nh4 Nc3
41. Ng2 Nd5 42. Ke2 Nc3+ 43. Kd2 a5 44. Nh4 Nd5 45. Ng2 Ke6 46. Ke2 Kd6 47. Kd2
Kc6 48. Nh4 Ne3 49. Kc1 Kb5 50. Kb2 a4 51. bxa4+ Kxa4 52. Ka2 Nxc2 53. Nxf5 Ne1
54. Nh6 Nxd3 55. f5 b3+ 56. Kb1 c4 0-1

[Event "17. Europa ch Juvenil - Masculino s16"]
[Site "Sibenik CRO"]
[Date "2007.09.18"]
[Round "5.39"]
[White "Thorgeirsson, Sverrir"]
[Black "Bekarovski, Filip"]
[Result "1-0"]
[WhiteElo "2064"]
[BlackElo "1950"]
[PlyCount "59"]
[EventDate "2007.09.14"]
[EventType "swiss"]
[EventRounds "9"]
[EventCountry "CRO"]
[Source "lmi"]
[SourceDate "2007.09.14"]

1. e4 c6 2. d4 d5 3. Nd2 dxe4 4. Nxe4 Bf5 5. Ng3 Bg6 6. h4 h6 7. Nf3 Nd7 8. h5
Bh7 9. Bd3 Bxd3 10. Qxd3 e6 11. Bd2 Qc7 12. O-O-O Ngf6 13. Ne4 Nxe4 14. Qxe4
Nf6 15. Qe2 O-O-O 16. c4 c5 17. Bc3 Bd6 18. g3 Rhe8 19. Ne5 a6 20. f4 Bf8 21.
Kb1 Rd6 22. dxc5 Rxd1+ 23. Rxd1 Bxc5 24. g4 Re7 25. g5 Ne8 26. Nxf7 Nd6 27. g6
b5 28. Be5 Rd7 29. cxb5 Qb6 30. Qd3 1-0

[Event "17. Europa ch Juvenil - Masculino s16"]
[Site "Sibenik CRO"]
[Date "2007.09.18"]
[Round "5.43"]
[White "Vranar, Viktor"]
[Black "Buhin, Denis"]
[Result "1/2-1/2"]
[WhiteElo "1729"]
[BlackElo "1943"]
[PlyCount "93"]
[EventDate "2007.09.14"]
[EventType "swiss"]
[EventRounds "9"]
[EventCountry "CRO"]
[Source "lmi"]
[SourceDate "2007.09.14"]

1. e4 e6 2. d4 d5 3. Nd2 dxe4 4. Nxe4 Nd7 5. Nf3 Ngf6 6. Nxf6+ Nxf6 7. Bd3 Be7
8. O-O O-O 9. Bg5 c5 10. dxc5 Bxc5 11. Qe2 Be7 12. Rad1 Qc7 13. c3 a6 14. Rfe1
Bd7 15. Ne5 Bc6 16. h3 Rad8 17. Nxc6 Qxc6 18. Rd2 h6 19. Be3 Bc5 20. Red1 Bxe3
21. Qxe3 Qc7 22. Be4 b5 23. Bf3 Rxd2 24. Qxd2 Qc4 25. a3 Qb3 26. Qe1 Nd5 27.
Bxd5 exd5 28. Rd4 a5 29. Qd2 Rd8 30. Kh2 Kh7 31. Qe2 Rd6 32. Rd2 Qc4 33. Qxc4
bxc4 34. Kg3 g5 35. Kf3 Kg6 36. Ke3 Kf6 37. Kd4 Rd8 38. Kc5 Rc8+ 39. Kb5 Ke6
40. Kxa5 Rb8 41. Ka6 Kd6 42. Re2 Rb3 43. a4 h5 44. a5 Kc6 45. g3 Rb8 46. Ka7
Rb7+ 47. Ka6 1/2-1/2